| 000 | 00418nam a2200157Ia 4500 | ||
|---|---|---|---|
| 008 | 230312s9999||||xx |||||||||||||| ||und|| | ||
| 020 | _a93-5014-148-9 | ||
| 082 |
_a621.317 _bGUP-F |
||
| 100 | _aGupta;J.B | ||
| 245 | 0 | _aFundamentals of Switchgear and Protection | |
| 260 |
_bKatson _aIndia _c2011 |
||
| 300 | _a329 | ||
| 546 | _aEng. | ||
| 650 |
_aEngineering _vFundamentals of Switchgear and Protection |
||
| 942 | _cBK | ||
| 999 |
_c7519 _d7519 |
||